[Event "BAN-chB (Women) 41st"]
[Site "Dhaka"]
[Date "2022.11.14"]
[Round "8"]
[White "Jannatul, Ferdousi"]
[Black "Sabiha, Marjana"]
[Result "0-1"]
[WhiteElo "1663"]
[BlackElo "1267"]
[PlyCount "98"]
[EventDate "2022.11.07"]
[EventType "swiss"]
[EventRounds "8"]
[EventCountry "BAN"]
[SourceTitle "EXT 2024"]
[Source "ChessBase"]
[SourceDate "2023.10.10"]
[SourceVersion "1"]
[SourceVersionDate "2023.10.10"]
[SourceQuality "1"]

1. Nf3 d6 2. d4 Nf6 3. c4 c6 4. Nc3 Qa5 5. Bd2 Qc7 6. e4 Bg4 7. Be2 Bxf3 8. Bxf3 e5 9. d5 Be7 10. 0-0 Nbd7 11. Be3 h5 12. Qd2 g6 13. Rfd1 Nh7 14. c5 Rd8 15. dxc6 Nxc5 16. cxb7 Qxb7 17. Nd5 g5 18. Nxe7 Qxe7 19. Bxc5 dxc5 20. Qxd8+ Qxd8 21. Rxd8+ Kxd8 22. Rc1 g4 23. Be2 Kd7 24. Rxc5 f6 25. Ra5 Ra8 26. Bc4 Kc7 27. Ra6 Kb7 28. Re6 Rh8 29. Bd5+ Kb8 30. Re7 Nf8 31. Rb7+ Kc8 32. Rxa7 Kd8 33. Rf7 Nd7 34. Be6 Nc5 35. Bf5 Rh6 36. b4 Na6 37. b5 Nb8 38. b6 Rh8 39. Rb7 Nc6 40. Rc7 Ne7 41. Rd7+ Ke8 42. b7 Kf7 43. a4 Rb8 44. a5 Ke8 45. Rc7 Kd8 46. Rd7+ Ke8 47. Rxe7+ Kxe7 48. a6 Kd6 49. a7 Rxb7 0-1

[Event "World ol U16"]
[Site "Nakhchivan"]
[Date "2022.10.05"]
[Round "4.12"]
[White "Jannatul, Ferdousi"]
[Black "Schnell, Sebastian Narayana"]
[Result "1/2-1/2"]
[WhiteElo "1624"]
[BlackElo "1846"]
[PlyCount "270"]
[EventDate "2022.10.02"]
[EventType "team-swiss"]
[EventRounds "9"]
[EventCountry "AZE"]
[SourceTitle "CBM 210 Extra"]
[Source "ChessBase"]
[SourceDate "2022.11.30"]
[SourceVersion "1"]
[SourceVersionDate "2022.11.30"]
[SourceQuality "1"]
[WhiteTeam "Bangladesh"]
[BlackTeam "Panama"]
[WhiteTeamCountry "BAN"]
[BlackTeamCountry "PAN"]

1. d4 Nf6 2. Bf4 c5 3. e3 d5 4. Nf3 Nc6 5. c3 Qb6 6. Qb3 c4 7. Qxb6 axb6 8. Na3 Bf5 9. Nh4 Bg6 10. Nxg6 hxg6 11. Nc2 e6 12. Be2 Kd7 13. 0-0 Ne4 14. f3 Nf6 15. e4 b5 16. e5 Ne8 17. Bd2 Nc7 18. f4 Be7 19. a3 Na5 20. Rae1 Rh7 21. Be3 Rah8 22. h3 Na8 23. Ra1 Nb6 24. Ra2 Ra8 25. Raa1 Rhh8 26. Rab1 Nc6 27. Ra1 Ra7 28. Rfe1 Rha8 29. Rf1 Na4 30. Rab1 Rh8 31. Rfe1 f5 32. Rf1 Nd8 33. Rf3 Nf7 34. g4 fxg4 35. hxg4 Rh4 36. g5 Ra8 37. Rg3 Rah8 38. Kf2 Rh1 39. Rgg1 R1h7 40. Bd1 Nd8 41. Ne1 Ke8 42. Nf3 Kf7 43. Bxa4 bxa4 44. Kg2 Nc6 45. Rh1 Rxh1 46. Rxh1 Ra8 47. Kf2 Ra6 48. Ke2 Rb6 49. Bc1 Bf8 50. Kd1 Ne7 51. Nh4 Ra6 52. Kc2 Ra8 53. Be3 Rd8 54. Bf2 Re8 55. Rh2 Nc8 56. Ng2 Be7 57. Ne3 Bd8 58. Rh1 Kg8 59. Rh3 Rf8 60. Bg3 Na7 61. Kb1 Nb5 62. Ng2 Be7 63. Be1 Nc7 64. Rg3 Na6 65. Bd2 Nb8 66. Kc2 Nc6 67. Rh3 Na5 68. Be3 Nb3 69. Rg3 Kf7 70. Rh3 Bd8 71. Ne1 Na5 72. Ng2 Nc6 73. Bd2 Ne7 74. Ne3 Kg8 75. Rh4 Bc7 76. Rg4 Bb6 77. Rh4 Kf7 78. Bc1 Nc6 79. Nd1 Ba7 80. Bd2 Ke7 81. Rh7 Kf7 82. Rh4 Kg8 83. Bc1 Rb8 84. Rh3 Bb6 85. Rh4 Rf8 86. Bd2 Ne7 87. Ne3 Kf7 88. Bc1 Bd8 89. Bd2 Ng8 90. Rh8 Ne7 91. Rxf8+ Kxf8 92. Be1 Kf7 93. Bg3 Nf5 94. Nf1 Bb6 95. Bf2 Ke8 96. Nh2 Kd7 97. Nf3 Kc6 98. Nh4 Ne7 99. Nf3 Ba7 100. Nh4 Kd7 101. Nf3 Ke8 102. Nh4 Kf7 103. Nf3 Nc6 104. Nd2 Bb6 105. Nf3 Bd8 106. Nd2 Be7 107. Nf3 Na7 108. Nd2 Ke8 109. Nf3 Nb5 110. Be1 b6 111. Nh4 Kf7 112. Nf3 Na7 113. Bd2 Nc6 114. Be1 Bd8 115. Bf2 Ne7 116. Nh4 Nc6 117. Be1 Nb8 118. Bf2 Nd7 119. Be1 Nf8 120. Nf3 Be7 121. Bd2 Nd7 122. Be1 Nb8 123. Bf2 Na6 124. Be1 Nc7 125. Bf2 Nb5 126. Be1 Na7 127. Bf2 b5 128. Be1 Nc6 129. Ng1 Na5 130. Nf3 Nb3 131. Nd2 Na5 132. Nf3 Bd8 133. Nd2 Bb6 134. Nf3 Nb3 135. Nd2 Na5 1/2-1/2

[Event "BAN-chT2"]
[Site "Dhaka"]
[Date "2022.07.21"]
[Round "4.4"]
[White "Jannatul, Ferdousi"]
[Black "Faizul, Anam"]
[Result "0-1"]
[WhiteElo "1517"]
[BlackElo "1763"]
[PlyCount "86"]
[EventDate "2022.07.18"]
[EventType "team-swiss"]
[EventRounds "9"]
[EventCountry "BAN"]
[SourceTitle "EXT 2023"]
[Source "ChessBase"]
[SourceDate "2022.10.05"]
[SourceVersion "1"]
[SourceVersionDate "2022.10.05"]
[SourceQuality "1"]
[WhiteTeam "Debonair"]
[BlackTeam "Tangail Kings CC"]
[WhiteTeamCountry "BAN"]
[BlackTeamCountry "BAN"]

1. d4 Nf6 2. Bf4 e6 3. e3 c5 4. c3 cxd4 5. exd4 Nc6 6. Nf3 Be7 7. Bd3 0-0 8. Nbd2 b6 9. 0-0 Bb7 10. Re1 Nh5 11. Be3 f5 12. Ne5 Nxe5 13. dxe5 g6 14. f4 Qc7 15. Be2 Ng7 16. Bf3 Bxf3 17. Nxf3 Rad8 18. Qc2 Bc5 19. Qf2 d6 20. Rad1 Rd7 21. Rd2 Rfd8 22. Bxc5 dxc5 23. Red1 Qc6 24. Rxd7 Rxd7 25. Rxd7 Qxd7 26. Qd2 Qxd2 27. Nxd2 Kf7 28. Nf3 h6 29. Kf2 Ke7 30. Ke3 Kd7 31. c4 Kc6 32. Kd3 a6 33. Kc3 Ne8 34. g3 Nc7 35. b3 b5 36. Nd2 Na8 37. Nf3 Nb6 38. Nd2 Nc8 39. Nf3 Na7 40. Ne1 Nc8 41. Nf3 Na7 42. Ne1 Kb6 43. a3 Nc6 0-1

[Event "BAN-ch U20 Girls"]
[Site "Dhaka"]
[Date "2022.02.17"]
[Round "3"]
[White "Nusrat Jahan, Alo"]
[Black "Jannatul, Ferdousi"]
[Result "1/2-1/2"]
[WhiteElo "1818"]
[BlackElo "1609"]
[PlyCount "102"]
[EventDate "2022.02.15"]
[EventType "swiss"]
[EventRounds "9"]
[EventCountry "BAN"]
[SourceTitle "CBM 207 Extra"]
[Source "ChessBase"]
[SourceDate "2022.05.31"]
[SourceVersion "1"]
[SourceVersionDate "2022.05.31"]
[SourceQuality "1"]

1. e4 e6 2. d4 d5 3. e5 c5 4. c3 Nc6 5. Nf3 Nh6 6. a3 a5 7. Bd3 Nf5 8. Bxf5 exf5 9. 0-0 Be7 10. dxc5 Bxc5 11. Nbd2 0-0 12. Nb3 Be7 13. Re1 Be6 14. Nbd4 Qb6 15. Qc2 Bc5 16. Be3 Nxd4 17. Bxd4 Rac8 18. Rad1 Bxd4 19. Nxd4 g6 20. Qd2 Qc5 21. h4 Qe7 22. Qh6 Rfe8 23. g3 Qf8 24. Qf4 Rcd8 25. h5 f6 26. hxg6 hxg6 27. Kg2 Qg7 28. Re2 g5 29. Nxe6 gxf4 30. Nxg7 Kxg7 31. gxf4 Kf7 32. Kf3 fxe5 33. fxe5 Ke6 34. Rg1 Rg8 35. Rh1 Rh8 36. Rg1 Rdg8 37. Rg3 Rxg3+ 38. fxg3 Rh1 39. Kg2 Rd1 40. Kf3 Rd3+ 41. Re3 Rd2 42. Re2 Rxe2 43. Kxe2 a4 44. Ke3 Kxe5 45. Kd3 b6 46. Ke3 Kd6 47. Kd4 Ke6 48. Kd3 Ke5 49. Ke3 Ke6 50. Kd4 Kd6 51. Ke3 Ke5 1/2-1/2

[Event "BAN-ch (Women)"]
[Site "Dhaka"]
[Date "2021.12.30"]
[Round "2"]
[White "Mst Sima, Khatun"]
[Black "Jannatul, Ferdousi"]
[Result "0-1"]
[WhiteElo "1152"]
[BlackElo "1532"]
[PlyCount "50"]
[EventDate "2021.12.29"]
[EventType "swiss"]
[EventRounds "11"]
[EventCountry "BAN"]
[SourceTitle "EXT 2023"]
[Source "ChessBase"]
[SourceDate "2022.10.05"]
[SourceVersion "1"]
[SourceVersionDate "2022.10.05"]
[SourceQuality "1"]

1. e4 e6 2. Nf3 d5 3. Nc3 Nf6 4. d4 dxe4 5. Ne5 Be7 6. Bc4 Nbd7 7. Nxd7 Bxd7 8. 0-0 0-0 9. Bg5 Bc6 10. Bxf6 Bxf6 11. Qd2 Bxd4 12. Ne2 Bxf2+ 13. Kxf2 Qxd2 14. c3 b5 15. Rad1 Qg5 16. Rd4 e3+ 17. Ke1 bxc4 18. Kd1 Rad8 19. g3 Rxd4+ 20. Nxd4 Rd8 21. h4 Qxg3 22. Rf3 Bxf3+ 23. Kc2 Qf2+ 24. Kc1 Qd2+ 25. Kb1 Qd1# 0-1

[Event "BAN-chT (Women)"]
[Site "Dhaka"]
[Date "2021.09.10"]
[Round "3.4"]
[White "Jannatul, Ferdousi"]
[Black "Khan, Nazrana"]
[Result "0-1"]
[WhiteElo "1553"]
[BlackElo "1888"]
[PlyCount "120"]
[EventDate "2021.09.08"]
[EventType "team-tourn"]
[EventRounds "9"]
[EventCountry "BAN"]
[SourceTitle "CBM 204 Extra"]
[Source "ChessBase"]
[SourceDate "2021.11.30"]
[SourceVersion "1"]
[SourceVersionDate "2021.11.30"]
[SourceQuality "1"]
[WhiteTeam "Shahin CC (W)"]
[BlackTeam "Bangladesh Police (W)"]
[WhiteTeamCountry "BAN"]
[BlackTeamCountry "BAN"]

1. d4 d5 2. Bf4 Nf6 3. e3 c5 4. c3 Qb6 5. Qb3 c4 6. Qc2 Nc6 7. Nd2 Bg4 8. b3 cxb3 9. Nxb3 e6 10. Rb1 Qd8 11. Nd2 Bf5 12. Bd3 Bxd3 13. Qxd3 Qd7 14. Qb5 b6 15. c4 Nh5 16. Bg3 Nxg3 17. hxg3 Be7 18. Ngf3 g6 19. cxd5 exd5 20. Rc1 Nb4 21. Qxd7+ Kxd7 22. Ne5+ Ke8 23. a3 Na6 24. Nb1 Bd6 25. Nd3 Kd7 26. Kd2 h5 27. Rc2 Rac8 28. Rhc1 Rxc2+ 29. Rxc2 Rc8 30. Rxc8 Kxc8 31. Kc3 Nc7 32. Kb3 Kd7 33. Nc3 Ke6 34. Nf4+ Bxf4 35. gxf4 Kd6 36. Kb4 Kc6 37. Kb3 Ne8 38. a4 a6 39. Nb1 Nd6 40. Nd2 Nf5 41. Nf3 f6 42. g3 Nd6 43. Nd2 b5 44. f3 Nf5 45. Nf1 Kb6 46. g4 Ne7 47. gxh5 gxh5 48. e4 h4 49. e5 fxe5 50. fxe5 Nf5 51. Nh2 Nxd4+ 52. Ka3 Kc5 53. axb5 axb5 54. f4 Nf5 55. Kb3 d4 56. Nf3 h3 57. Nh2 Kd5 58. Kb4 Ke4 59. Nf1 Kxf4 60. Kxb5 h2 0-1

[Event "BAN-ch (Women) 39th"]
[Site "Dhaka"]
[Date "2019.09.25"]
[Round "7"]
[White "Jannatul, Ferdous"]
[Black "Jannatul, Ferdousi"]
[Result "1-0"]
[WhiteElo "1736"]
[BlackElo "1462"]
[PlyCount "65"]
[EventDate "2019.09.19"]
[EventType "swiss"]
[EventRounds "9"]
[EventCountry "BAN"]
[SourceTitle "CBM 195 Extra"]
[Source "ChessBase"]
[SourceDate "2020.05.31"]
[SourceVersion "1"]
[SourceVersionDate "2020.05.31"]
[SourceQuality "1"]

1. d4 Nf6 2. c4 g6 3. Nc3 d6 4. e4 Bg7 5. Nf3 0-0 6. Be2 Nbd7 7. 0-0 e5 8. d5 Nc5 9. Qc2 a5 10. a3 Ng4 11. Ne1 Nh6 12. f3 f5 13. Be3 Nd7 14. Nd3 f4 15. Bf2 b6 16. Rac1 Ba6 17. b3 Kh8 18. Nb1 Qe7 19. b4 Rfc8 20. c5 bxc5 21. bxc5 c6 22. cxd6 Qxd6 23. dxc6 Nb8 24. c7 Nd7 25. Rfd1 Qe7 26. Qc6 Ng8 27. Nxf4 Bxe2 28. Nxe2 Ndf6 29. a4 Ne8 30. Bb6 Nxc7 31. Bxc7 Ra7 32. Rd7 Raxc7 33. Rxc7 1-0

[Event "BAN-ch U20 Girls"]
[Site "Dhaka"]
[Date "2019.05.18"]
[Round "4"]
[White "Warsia, Khusbu"]
[Black "Jannatul, Ferdousi"]
[Result "1/2-1/2"]
[WhiteElo "1076"]
[BlackElo "1534"]
[PlyCount "66"]
[EventDate "2019.05.15"]
[EventType "swiss"]
[EventRounds "8"]
[EventCountry "BAN"]
[SourceTitle "EXT 2020"]
[Source "ChessBase"]
[SourceDate "2019.10.17"]
[SourceVersion "1"]
[SourceVersionDate "2019.10.17"]
[SourceQuality "1"]

1. e4 e6 2. d4 d5 3. exd5 exd5 4. c4 c6 5. Nc3 Be6 6. cxd5 cxd5 7. Nf3 Nc6 8. Be2 Nf6 9. 0-0 Be7 10. Re1 0-0 11. Bf4 a6 12. Ne5 Rc8 13. Bf3 h6 14. Rc1 Re8 15. h3 Qb6 16. Nxc6 Rxc6 17. Na4 Qb5 18. Rxc6 Qxc6 19. Nc3 Rc8 20. Qb3 b5 21. Rc1 Qd7 22. Be5 b4 23. Bxf6 Bxf6 24. Qxb4 Rc4 25. Qb8+ Rc8 26. Qb6 Rc6 27. Qb8+ Kh7 28. Rd1 Rc4 29. Qb6 Rc6 30. Qb3 Rc4 31. Qb6 Rc6 32. Qb3 Rc4 33. Qb6 Rc6 1/2-1/2